| 000 | 00873nam a22002295i 4500 | ||
|---|---|---|---|
| 001 | 163257 | ||
| 003 | ES-MaACL | ||
| 005 | 20250703063118.0 | ||
| 008 | 990901s1862 fr |||| | fre d | ||
| 040 |
_aCLM _bspa _cCLM |
||
| 100 | 1 |
_aRenan, Ernest, _d1823-1892 _996168 |
|
| 245 | 1 | 0 |
_aDe la part des peuples sémitiques dàns l'histoire de la civilisation _b: discours d'ouverture du cours de langues hébraïque, chaldaïque et syriaque au collége de France / _cpar M. Ernest Renan ... |
| 250 | _aSixième edition. | ||
| 260 |
_aParis : _bMichel Lévy Frères ... : _bimp. de L. Tinterlin ..., _c1862. |
||
| 300 |
_aVI, 7-30 p. ; _c23 cm. |
||
| 596 | _aColofón. | ||
| 597 | _aAntep. | ||
| 597 | _aPort. con esc. xil. | ||
| 650 | 4 |
_aPueblos semíticos- _xHistoria. _9136786 |
|
| 852 |
_aES-MaACL _jF-9174 (2) _z-- Enc. pasta |
||
| 999 |
_c163257 _d163257 |
||